书目信息 |
| 题名: |
汽车制造业
|
|
| 作者: | ;国家信息中心中国经济信息网 主编 | |
| 分册: | ||
| 出版信息: | 北京 中国经济出版社 2005.03 |
|
| 页数: | 177页 | |
| 开本: | 26cm | |
| 丛书名: | 2004CEI中国行业发展报告 | |
| 单 册: | ||
| 中图分类: | F426.471 | |
| 科图分类: | ||
| 主题词: | 工业经济--中国 | |
| 电子资源: | ||
| ISBN: | 7-5017-6801-3 | |
| 000 | 00810nam0 2200229 450 | |
| 001 | 0871712987 | |
| 005 | 20080108195552.92 | |
| 010 | @a7-5017-6801-3@dCNY120.00 | |
| 100 | @a20080108d2005 km y0chiy0120 ea | |
| 101 | 0 | @achi |
| 102 | @aCN@b110000 | |
| 200 | 1 | @a汽车制造业@Aqi che zhi zao ye@f国家信息中心中国经济信息网主编@Fguo jia xin xi zhong xin zhong guo jing ji xin xi wang zhu bian |
| 210 | @a北京@c中国经济出版社@d2005.03 | |
| 215 | @a177页@d26cm | |
| 225 | 2 | @a2004CEI中国行业发展报告 |
| 410 | 0 | @12001 @a2004CEI中国行业发展报告 |
| 606 | 0 | @a工业经济@x中国 |
| 690 | @aF426.471@v4 | |
| 711 | 02 | @a国家信息中心中国经济信息网@Aguo jia xin xi zhong xin zhong guo jing ji xin xi wang@4主编 |
| 801 | 0 | @aCN@b大连网信软件有限公司图书馆@c20080108 |
| 905 | @aBZT@dF426.471@e1 | |
| 906 | @dCNY120.00@n0@r1 | |
| 汽车制造业/国家信息中心中国经济信息网主编.-北京:中国经济出版社,2005.03 |
| 177页;26cm.-(2004CEI中国行业发展报告) |
| ISBN 7-5017-6801-3:CNY120.00 |
| ● |
| 相关链接 |
|
|
|
正题名:汽车制造业
索取号:F426.471/1
 
预约/预借
| 序号 | 登录号 | 条形码 | 馆藏地/架位号 | 状态 | 备注 |
| 1 | 604075 | 2000604075 | 中心书库北库/ 北库017架B面2列4层21/ [索取号:F426.471/1] | 在馆 | |
| 2 | 604076 | 2000604076 | 中心书库北库/ 北库017架B面2列4层23/ [索取号:F426.471/1] | 在馆 | |
| 3 | 604077 | 2000604077 | 中心书库北库/ 北库017架B面2列4层22/ [索取号:F426.471/1] | 在馆 | |
| 4 | 604078 | 2000604078 | 中心书库北库/ 北库017架B面2列4层25/ [索取号:F426.471/1] | 在馆 | |
| 5 | 604079 | 2000604079 | 中心书库北库/ 北库017架B面2列4层24/ [索取号:F426.471/1] | 在馆 |